God of War (2018) Quiz - Statistics

General Stats
  • This quiz has been taken 3,337 times
  • The average score is 20 of 28
Answer Stats
Hint Answer % Correct
The Ghost of Sparta Kratos
99%
His son, uses a bow Atreus
96%
God of Lightning Thor
93%
The "Allfather" Odin
92%
Witch of the Woods Freya
91%
Aesir god invulnerable to all threats, physical or magical Baldur
87%
Smartest Man Alive Mimir
87%
Blue Dwarf Brok
86%
His Brother Sindri
83%
Norse God of War Tyr
76%
What weapon do we unlock mid game Blades of Chaos
75%
His brother Modi
72%
Greek Goddess of Wisdom - seen on a boat Athena
71%
Aesir God, uses a big sword Magni
71%
Realm of the Dead Helheim
70%
Realm of Men Midgard
70%
Her ashes are scattered Faye/Laufey
69%
Realm of the Giants Jotunheim
68%
Name of the World Serpent Jormungandr
65%
Realm of the Elves Alfheim
64%
What studio made the game? Santa Monica
62%
Realm of Fire Muspelheim
58%
Realm of Mist Niflheim
54%
Queen of Valkyries Sigrun
52%
What type of arrow broke the curse off (3rd question) Mistletoe
49%
What is the big lake called? Lake of Nine
48%
What device allows to travel between realms? Bifrost
46%
Director of the game Cory Balrog
12%
No matching quizzes found
Score Distribution
Percent of People with Each Score
Percentile by Number Answered
Your Score History
You have not taken this quiz